000
00297nam a22001337a 4500
999
_c
12413
_d
12413
020
_a
9789332536487
082
_a
330.015
100
_a
A. H Studenmund
245
_a
Using Econometrics
_b
A Practical Guide
250
_a
6th
260
_a
India
_b
Pearson
_c
2016
300
_a
576 pages
942
_c
BK